000
00326nam a22001337a 4500
005
20240708123337.0
008
240708b |||||||| |||| 00| 0 eng d
041
_a
eng
100
_a
SONI. SURESH
_9
8450
245
_a
BHARAT ME VIGYAN KI UJJWAL PARAMPARA
260
_a
BHOPAL
_b
ARCHANA PRAKASHAN
300
_a
204;P
942
_c
BK
999
_c
8568
_d
8566